[Event "Let's Play Chess!"]
[Site "http://www.queenalice.com/game.php?id=294117"]
[Date "2007.10.27"]
[Round "-"]
[White "xisco"]
[Black "elche"]
[Result "0-1"]
[WhiteElo "1555"]
[BlackElo "1701"]

1. e4 c5 2. Nf3 Nc6 3. d4 cxd4 4. Nxd4 Nf6 5. Nc3 e6 6. Ndb5 a6 7. Nd6+ Bxd6 8.
Qxd6 Qe7 9. Qg3 O-O 10. Be3 Kh8 11. O-O-O e5 12. Bh6 gxh6 13. Qe3 Ng4 14. Qh3
Nxf2 0-1

[Event "Let's Play Chess!"]
[Site "http://www.queenalice.com/game.php?id=294119"]
[Date "2007.10.27"]
[Round "-"]
[White "elche"]
[Black "xisco"]
[Result "0-1"]
[WhiteElo "1712"]
[BlackElo "1543"]

1. e4 c6 2. d4 d5 3. exd5 cxd5 4. Bb5+ Nc6 5. Bxc6+ bxc6 6. Nf3 g6 7. O-O Nf6 8.
Ne5 Qc7 9. Be3 c5 10. c3 Ba6 11. Qa4+ Nd7 12. Qxa6 Bg7 13. Nxd7 Qxd7 14. dxc5
O-O 15. c6 Qc7 16. Rd1 e6 17. Bc5 Rfc8 18. b4 Be5 19. b5 Bxh2+ 20. Kh1 Qe5 21.
g3 Qh5 22. Kg2 Qxd1 23. Kxh2 h5 24. Bd4 Re8 25. Bxa7 Qf1 26. c7 d4 27. b6 Qxa6
28. b7 Qxb7 0-1

[Event "AUTO-INT-666"]
[Site "http://www.queenalice.com/game.php?id=294612"]
[Date "2007.10.28"]
[Round "1"]
[White "xisco"]
[Black "rogervolei"]
[Result "1/2-1/2"]
[WhiteElo "1624"]
[BlackElo "1801"]

1. c4 e6 2. Nc3 a6 3. d4 h6 4. Nf3 g5 5. g3 Bg7 6. Bg2 d6 7. O-O Nc6 8. a3 g4 9.
Ne1 Nxd4 10. Be3 c5 11. Nd3 Qb6 12. Rb1 Qb3 13. Qxb3 Nxb3 14. Na4 Ne7 15. Nb6
Ra7 16. Nxc8 Nxc8 17. Nc1 Nxc1 18. Rfxc1 f5 19. b4 b6 20. Rb3 O-O 21. Rcb1 Rd8
22. bxc5 dxc5 23. a4 Nd6 24. Rd1 Bf6 25. Rxb6 Nxc4 26. Rxd8+ Bxd8 27. Rb8 Rd7
28. Bxc5 Kf7 29. Rb7 Bc7 30. Bc6 Na5 31. Bxd7 Nxb7 32. Be3 Nc5 33. Bxc5 Kf6 34.
Bc8 a5 35. Be3 h5 36. Bd7 Ke7 37. Bb5 e5 38. Bg5+ Kf7 39. Kg2 Kg6 40. Bd2 e4
1/2-1/2

[Event "AUTO-INT-666"]
[Site "http://www.queenalice.com/game.php?id=294613"]
[Date "2007.10.28"]
[Round "1"]
[White "rogervolei"]
[Black "xisco"]
[Result "1/2-1/2"]
[WhiteElo "1794"]
[BlackElo "1631"]

1. e3 e5 2. a3 d5 3. Qh5 Nc6 4. Bb5 Bd6 5. Nf3 Nf6 6. Qg5 O-O 7. Bxc6 bxc6 8.
Nxe5 Bxe5 9. Qxe5 Re8 10. Qc3 Qd6 11. b4 Ng4 12. g3 Ne5 13. Bb2 f6 14. d3 Nf3+
15. Kd1 Bg4 16. Kc1 Ng5 17. Nd2 Nh3 18. f3 Be6 19. Qc5 Red8 20. Nb3 Nf2 21. Rf1
Nh3 22. Nd4 Qxc5 23. bxc5 Bd7 24. Bc3 Ng5 25. g4 Ne6 26. Nxe6 Bxe6 27. Rb1 Rab8
28. Rxb8 Rxb8 29. Ba5 Rb5 30. Bxc7 Rxc5 31. Kd2 Kf7 32. Bd6 Rb5 33. d4 Ke8 34.
Bc5 a6 35. h4 a5 36. Kc1 a4 37. c3 g6 1/2-1/2

[Event "1"]
[Site "http://www.queenalice.com/game.php?id=307338"]
[Date "2007.11.20"]
[Round "-"]
[White "xisco"]
[Black "Teltz"]
[Result "0-1"]
[WhiteElo "1587"]
[BlackElo "1837"]

1. e4 c5 2. Nf3 e6 3. d4 cxd4 4. Nxd4 a6 5. Nc3 Bb4 6. Bd2 Ne7 7. Qf3 O-O 8.
O-O-O Nbc6 9. Nxc6 bxc6 10. e5 Ng6 11. Qg3 Qa5 12. Kb1 Qxe5 13. Qxe5 Nxe5 14.
Ne4 Bxd2 15. Rxd2 d5 16. Nc5 Nc4 0-1